Gaming Quiz

Random Gaming or Puzzle Quiz

Mastermind Quiz Stats

 Plays Quiz Updated Oct 14, 2021

Support Sporcle.
Go Orange.
Score 0/259 Timer 01:00
5 Plays Today
% Correct
 
84.7%
 
84.7%
 
84.7%
 
84.7%
 
84.7%
 
84.7%
 
83.5%
 
83.5%
 
83.5%
 
83.4%
 
83.4%
 
83%
 
83%
 
82.9%
 
82.9%
 
82.9%
 
82.9%
 
82.9%
 
82.9%
 
79.8%
 
79.8%
 
79.8%
 
79.8%
 
79.8%
 
79.1%
 
79.1%
 
79.1%
 
78.3%
 
78.3%
 
78.2%
 
78.2%
 
78.2%
 
78.2%
 
78.2%
 
77.4%
 
77.4%
 
77.4%
 
77.4%
 
77.4%
 
75.8%
 
75.8%
 
75.8%
 
75.8%
 
75.8%
 
75.8%
 
75.7%
 
75.7%
 
75.7%
 
75.7%
 
75.4%
 
75.4%
 
75.4%
 
75.4%
 
75.4%
 
75.4%
 
75.3%
 
75.3%
 
75.3%
 
75.3%
 
75.2%
 
75.2%
 
75.2%
 
75.2%
 
75.2%
 
75.2%
 
75.2%
 
75.2%
 
75.2%
 
75.1%
 
75.1%
 
75.1%
 
74.7%
 
74.7%
 
74.7%
 
74.7%
 
74.7%
 
74.3%
 
74.3%
 
74.3%
 
74.3%
 
74.2%
 
74.2%
 
74.2%
 
74.2%
 
74.2%
 
74%
 
74%
% Correct
 
74%
 
74%
 
74%
 
74%
 
74%
 
74%
 
74%
 
73.9%
 
73.9%
 
73.9%
 
73.9%
 
73.9%
 
73.8%
 
73.8%
 
73.8%
 
73.8%
 
73.8%
 
73.7%
 
73.7%
 
73.7%
 
73.7%
 
73.7%
 
73.6%
 
73.6%
 
73.6%
 
73.6%
 
73.6%
 
73.6%
 
73.6%
 
73.6%
 
73.6%
 
73.5%
 
73.5%
 
73.5%
 
73.5%
 
73.5%
 
73.5%
 
73.5%
 
73.5%
 
73.5%
 
73.4%
 
73.4%
 
73.4%
 
73.4%
 
73.4%
 
73.4%
 
73.4%
 
73.4%
 
73.4%
 
73.4%
 
73.2%
 
73.2%
 
73.2%
 
73.2%
 
73.2%
 
73%
 
73%
 
73%
 
73%
 
73%
 
73%
 
73%
 
73%
 
72.6%
 
72.6%
 
72.6%
 
72.6%
 
72.6%
 
72.5%
 
72.5%
 
72.5%
 
72.5%
 
72.5%
 
72.5%
 
72.5%
 
72.3%
 
72.3%
 
72.3%
 
72.3%
 
72.3%
 
72.3%
 
72.3%
 
72.3%
 
72.3%
 
72.3%
 
72.2%
 
72.2%
% Correct
 
72.2%
 
72.2%
 
72.2%
 
72.1%
 
72.1%
 
72.1%
 
72%
 
72%
 
72%
 
72%
 
72%
 
72%
 
72%
 
71.9%
 
71.9%
 
71.9%
 
71.9%
 
71.8%
 
71.8%
 
71.8%
 
71.7%
 
71.7%
 
71.7%
 
71.7%
 
71.6%
 
71.6%
 
71.6%
 
71.6%
 
71.6%
 
71.6%
 
71.6%
 
71.6%
 
71.6%
 
71.5%
 
71.5%
 
71.5%
 
71.5%
 
71.5%
 
71.5%
 
71.5%
 
71.5%
 
71.5%
 
71.5%
 
71.5%
 
71.5%
 
71.3%
 
71.3%
 
71.3%
 
71.2%
 
71.2%
 
71.2%
 
71.2%
 
71.2%
 
71.2%
 
71.2%
 
71.2%
 
71.2%
 
71.2%
 
71.1%
 
71.1%
 
71.1%
 
71.1%
 
71.1%
 
71.1%
 
71.1%
 
71.1%
 
71.1%
 
71.1%
 
71%
 
71%
 
71%
 
71%
 
71%
 
71%
 
71%
 
70.9%
 
70.9%
 
70.9%
 
70.9%
 
69.8%
 
69.8%
 
69.8%
 
69.8%
 
69.8%
 
69.8%

From the Vault

Countries by CO₂ Emissions

by Jinxo

Science 3m
Maybe the people in these countries should just exhale less.
Remove Ads.
Support Sporcle.
Get the best of Sporcle when you Go Orange. This ad-free experience offers more features, more stats, and more fun while also helping to support Sporcle. Thank you for becoming a member.

Show Comments

Extras

Top Quizzes Today


Score Distribution

Your Account Isn't Verified!

In order to create a playlist on Sporcle, you need to verify the email address you used during registration. Go to your Sporcle Settings to finish the process.

Report this User

Report this user for behavior that violates our Community Guidelines.

Details: